Sozdanije brendov razvitije i primenenije idej Ela Rajsa na rossijskom rynke

Gespeichert in:
Bibliographische Detailangaben
1. Verfasser: Grečin, Jevgenij
Format: Buch
Sprache:Russisch
Veröffentlicht: Sankt-Peterburg PITER 2013
Schlagworte:
Tags: Tag hinzufügen
Keine Tags, Fügen Sie das erste Tag hinzu!

MARC

LEADER 00000nam a2200000 4500
001 0176552
005 20240311131328.2
020 |a 978-5-496-00235-6 
041 0 |a rus 
044 |a RU 
245 1 0 |a Sozdanije brendov  |b razvitije i primenenije idej Ela Rajsa na rossijskom rynke  |c Jevgenij Grečin 
264 1 |a Sankt-Peterburg  |b PITER  |c 2013 
300 |a 207 s. 
610 2 0 |a reklama 
610 2 0 |a propagácia 
610 2 0 |a značky 
610 2 0 |a komunikácia marketingová 
610 2 0 |a agentúry 
610 2 0 |a televízia 
610 2 0 |a banky 
610 2 0 |a kampane reklamné 
610 2 0 |a osobnosť 
610 2 0 |a Rusko 
100 1 |a Grečin, Jevgenij